<?xml version="1.0" encoding="UTF-8"?>
<collection xmlns="http://www.loc.gov/MARC21/slim">
  <record>
    <leader>00000nam  2200000   4500</leader>
    <controlfield tag="001">INLIS000000000013179</controlfield>
    <controlfield tag="005">20220729081831</controlfield>
    <datafield tag="035" ind1="#" ind2="#">
      <subfield code="a">0010-0722000017</subfield>
    </datafield>
    <datafield tag="245" ind1="1" ind2="#">
      <subfield code="a">Strategi Implementasi Sistem Informasi Terpadu (SIMADU) Dinas Komunikasi dan Informasi Pemerintah Kabupaten Bintan /</subfield>
      <subfield code="c">Aupa Samake, S.Kom., M.M.</subfield>
    </datafield>
    <datafield tag="100" ind1=" " ind2="#">
      <subfield code="a">SAMAKE, Aupa</subfield>
    </datafield>
    <datafield tag="250" ind1="#" ind2="#">
      <subfield code="a">1</subfield>
    </datafield>
    <datafield tag="300" ind1="#" ind2="#">
      <subfield code="a">62 halman; lampiran :</subfield>
      <subfield code="b">ilustrasi ;</subfield>
      <subfield code="c">30 cm</subfield>
    </datafield>
    <datafield tag="260" ind1="#" ind2="#">
      <subfield code="a">Samarinda :</subfield>
      <subfield code="b">Puslatbang KDOD,</subfield>
      <subfield code="c">2020</subfield>
    </datafield>
    <datafield tag="084" ind1="#" ind2="#">
      <subfield code="a">PKN 275 2020</subfield>
    </datafield>
    <datafield tag="650" ind1="#" ind2="4">
      <subfield code="a">Proyek Perubahan</subfield>
    </datafield>
    <datafield tag="650" ind1="#" ind2="4">
      <subfield code="a">Kepemimpinan Nasional Tingkat II</subfield>
    </datafield>
    <datafield tag="650" ind1="#" ind2="4">
      <subfield code="a">sistem informasi</subfield>
    </datafield>
    <datafield tag="650" ind1="#" ind2="4">
      <subfield code="a">teknologi informasi</subfield>
    </datafield>
    <datafield tag="650" ind1="#" ind2="4">
      <subfield code="a">inovasi pemerintah</subfield>
    </datafield>
    <datafield tag="650" ind1="#" ind2="4">
      <subfield code="a">aplikasi pemerintah</subfield>
    </datafield>
    <datafield tag="650" ind1="#" ind2="4">
      <subfield code="a">evaluasi kegiatan</subfield>
    </datafield>
    <datafield tag="520" ind1="#" ind2="#">
      <subfield code="a">Laporan proyek perubahan ini diangkat dari permasalahan system penyelenggaraan informasi dalam program-program kegiatan yang dilaksanakan oleh Perangkat Daerah Kabupaten Bintan belum terkoordir dan belum memiliki dasar hukum. Proyek Perubahan Sistem Informasi Terpadu (SIMADU) adalah system informasi yang mendukung kebutuhan informasi kegiatan pemerintah daerah secara tepat dan terpadu sehingga monitor evaluasi pelaksanaan program kegiatan pemerintah diinformasikan pada masyarakat melalui media online, sarana komunikasi daam menyampaikan semua program kegiatan Pemerintah Kota Bintan, dan monitoring evaluasi terhadap informasi program kegiatan berkelanjutan melalui Monev</subfield>
    </datafield>
    <controlfield tag="008">220729################|##########|#|##</controlfield>
    <datafield tag="500" ind1="#" ind2="#">
      <subfield code="a">Coach : Dr. Ir. Suseno, M.M &#13;
Penguji : Tri Atmojo sejati, S.T., S.H., M.Si.&#13;
Mentor : Drs. Adi Prihantara, MM</subfield>
    </datafield>
    <datafield tag="990" ind1="#" ind2="#">
      <subfield code="a">PKN/275/2020</subfield>
    </datafield>
  </record>
</collection>
